Statistics for Non-island Countries with relatively large Islands

Click here to take the quiz!

General Stats

  • This quiz has been taken 1,807 times
  • The average score is 11 of 15

Answer Stats

%Country% Correct
15.5%Canada
93%
1.6%R{ussia}
93%
1.4%F{rance}
92%
37.0%Denmark
90%
16.5%Italy
88%
1.8%S{pain}
87%
11.4%Greece
86%
19.3%Norway
82%
58.8%Malaysia
77%
8.8%Chile
68%
1.7%E{cuador}
66%
1.8%S{outh Korea}
62%
5.9%Estonia
56%
7.2%Equatorial Guinea
45%
3.8%S{lovakia}
9%

Score Distribution

Percentile by Number Answered

Percent of People with Each Score

Your Score History

You have not taken this quiz